| 000 | 00923nmc a2200325 a 4500 | ||
|---|---|---|---|
| 003 | AR-BaBNM | ||
| 005 | 20251128210952.0 | ||
| 008 | 067020s1997 ||||||||||||||000 | spa|| | ||
| 020 | _a950-742-888-7 | ||
| 040 | _cAR-BaBNM | ||
| 100 | 1 | _aDertouzos, Michael L. | |
| 245 | 1 | 0 |
_aQué será _bcómo cambiará nuestras vidas el nuevo mundo de la informática |
| 250 | _a1ª ed. | ||
| 260 |
_aBuenos Aires _bPlaneta _c1997 |
||
| 300 | 0 | _a364 p. | |
| 490 | 0 | _aColección La línea del horizonte | |
| 650 | 4 | _aSOCIOLOGIA CULTURAL | |
| 650 | 4 | _aINFORMATICA | |
| 650 | 4 | _aCOMUNICACION | |
| 650 | 4 | _aAUTOMATIZACION | |
| 650 | 4 | _aCAMBIO TECNOLOGICO | |
| 650 | 4 | _aINFORMACION | |
| 650 | 4 | _aSOCIOLOGIA DE LAS CIENCIAS | |
| 650 | 4 | _aSOCIOLOGIA DE LA COMUNICACION | |
| 653 | 0 | _aINTERNET | |
| 700 | 1 |
_aGates, Bill _eprologuista |
|
| 700 | 1 |
_aGalmarini, Marco Aurelio _etraductor |
|
| 942 | _cBK | ||
| 998 | _cmi-desc | ||
| 999 |
_c17683 _d17683 |
||